| 000 | 00333nam a2200121Ia 4500 | ||
|---|---|---|---|
| 008 | 230907s9999||||xx |||||||||||||| ||und|| | ||
| 082 | _a532.052701,SCH | ||
| 100 |
_aSchiestel, Roland. _9115154 |
||
| 245 | 0 | _aModeling and simulation of turbulent flows/ | |
| 260 |
_aJohn Wiely _bLondon _c2008 |
||
| 300 | _axxiv, 723p.: | ||
| 942 | _cBK | ||
| 999 |
_c597726 _d597726 |
||